Exploration and conquest : (Record no. 461)

MARC details
000 -LEADER
fixed length control field 01188nam a22002657a 4500
005 - DATE AND TIME OF LATEST TRANSACTION
control field 20231212084640.0
020 ## - INTERNATIONAL STANDARD BOOK NUMBER
International Standard Book Number 9780688154745
040 ## - CATALOGING SOURCE
Original cataloging agency DLC
Transcribing agency DLC
Modifying agency DLC
Language of cataloging eng
050 00 - LIBRARY OF CONGRESS CALL NUMBER
Classification number E121
Item number .M27 1994
082 00 - DEWEY DECIMAL CLASSIFICATION NUMBER
Classification number 970.01
Edition number 20
100 1# - MAIN ENTRY--PERSONAL NAME
Personal name Maestro, Betsy.
245 10 - TITLE STATEMENT
Title Exploration and conquest :
Remainder of title the Americas after Columbus, 1500-1620 /
Statement of responsibility, etc. by Betsy and Giulio Maestro.
250 ## - EDITION STATEMENT
Edition statement 1st ed.
260 ## - PUBLICATION, DISTRIBUTION, ETC.
Place of publication, distribution, etc. New York :
Name of publisher, distributor, etc. HarperCollins.
Date of publication, distribution, etc. 1994.
300 ## - PHYSICAL DESCRIPTION
Extent 48 pages :
Other physical details color illustrations, maps ;
Dimensions 29 cm.
505 ## - FORMATTED CONTENTS NOTE
Formatted contents note <br/>
520 ## - SUMMARY, ETC.
Summary, etc. Christopher Columbus was not the first to discover the Americas, but his voyages led to European exploration of the New World. Rich in resources and natural beauty, the Americas were irresistible to gold-hungry conquistadors. The newcomers gave little thought to those who had called the lands their home, and exploration soon came to signify conquest. The New World -- and the lives of its inhabitants -- would be changed forever.
521 ## - TARGET AUDIENCE NOTE
Target audience note 1030 <br/>
Source Lexile
650 ## - SUBJECT ADDED ENTRY--TOPICAL TERM
Topical term or geographic name entry element exploration
650 ## - SUBJECT ADDED ENTRY--TOPICAL TERM
Topical term or geographic name entry element age of discovery
700 1# - ADDED ENTRY--PERSONAL NAME
Personal name Maestro, Giulio,
Relator term ill.
906 ## - LOCAL DATA ELEMENT F, LDF (RLIN)
a 7
b cbc
c orignew
d 1
e ocip
f 19
g y-gencatlg
942 ## - ADDED ENTRY ELEMENTS (KOHA)
Source of classification or shelving scheme Dewey Decimal Classification
Koha item type Books
Suppress in OPAC No
999 ## -
-- 461
-- 461
Holdings
Withdrawn status Lost status Source of classification or shelving scheme Damaged status Not for loan Collection Home library Current library Shelving location Date acquired Total Checkouts Full call number Barcode Date last seen Price effective from Koha item type
    Dewey Decimal Classification     Non-Fiction Footprints International School Library Network Toul Kork Campus Footprints International School Library Network Toul Kork Campus   04/25/2023   MAE 970.01 E121.M27 FISTK01668 04/25/2023 04/25/2023 Books